• 首页
  • 本馆介绍
  • 公告通知
  • 最新文献
  • 馆藏检索
  • 电子资源
  • 读者导购
  • 参考咨询
  • 我的图书馆
  • 登录
  • 详细信息显示
  • 放入我的书架
  • 预约/预借图书
  • 作者相关作品
  • 分类相关作品
  • 丛书相关作品
  • 出版社相关作品

书目信息

  • 表格格式
  • 工作单格式
  • 卡片格式
题名:
高等学校课程、教材、教法研究文集
    
 
作者: ;教学理论与教材建设学术讨论会 汇编
分册: 一  
出版信息: 北京   高等教育出版社  1988.7
页数: 491页
开本: 20cm
丛书名:
单 册:
中图分类: G642 , G642-53
科图分类:
主题词: 教育--各级
电子资源:
ISBN: 7-04-001624-9
000 00942nam0 2200253 45
001 0189011241
005 20040510105005.8
010    @a7-04-001624-9@dCNY6.40
020    @aCN@b89011241
100    @a19910105d1988 m y0chiy0120 ea
101 0  @achi
102    @aCN@b110000
105    @ay z 000yy
106    @ar
200 10 @a高等学校课程、教材、教法研究文集@Agao deng xue xiao ke cheng 、 jiao cai 、 jiao fa yan jiu wen ji@h一@f教学理论与教材建设学术讨论会汇编@Fjiao xue li lun yu jiao cai jian she xue shu tao lun hui hui bian
210    @a北京@c高等教育出版社@d1988.7
215    @a491页@d20cm
540 1  @a高等学校 课程 教材 教法@Agao deng xue xiao ke cheng  jiao cai  jiao fa
606 0  @a教育@x各级
690    @aG642@v1980
690    @aG642-53
711 02 @a教学理论与教材建设学术讨论会@Ajiao xue li lun yu jiao cai jian she xue shu tao lun hui@4汇编
801  0 @aCN@bNLC@c19910105
905    @f1@b215168@dG642-53@e86:1
    
    高等学校课程、教材、教法研究文集.一/教学理论与教材建设学术讨论会汇编.-北京:高等教育出版社,1988.7
    491页;20cm
    
    
    ISBN 7-04-001624-9:CNY6.40
    
●
相关链接 在E读中查询图书 在五车中查询图书 在当当中查询图书 在豆瓣中查询图书


正题名:高等学校课程、教材、教法研究文集     索取号:G642-53/86:1         预约/预借

序号 登录号 条形码 馆藏地/架位号 状态 备注
1 0215168   001005502   密集书库/ [索取号:G642-53/86:1] 在馆    
2 0215169   002067471   第一样本阅览室/ [索取号:G642-53/86:1] 在馆    
唐山师范学院图书馆 欢迎您!
大连网信软件有限公司© 版权所有